Mega-Sorting Gallery: Movies Quiz Stats

 Plays Quiz Updated Jun 4, 2019

Score 0/100 Timer 10:00
56 Plays Today
% Correct
The Empire Strikes Back
94.6%
Return of the Jedi
90.3%
Daniel Craig
87.2%
Sean Connery
85.9%
Pierce Brosnan
85.5%
The Fox and the Hound
85.4%
The Little Mermaid
85.1%
The Aristocats
84.2%
Field of Dreams
83.7%
The Great Mouse Detective
83.7%
The Birds
82.9%
Roger Moore
82%
Steven Spielberg
81.5%
Psycho
81.4%
The Many Adventures of Winnie the Pooh
81.3%
Cate Blanchett
80.9%
The Devil Wears Prada
80.4%
A New Hope
80.2%
Christian Bale
79.6%
Timothy Dalton
78.9%
Charlize Theron
78.8%
Cowardly Lion
78.7%
Gretl
78.6%
Hilary Swank
78.5%
Scarecrow
78.2%
Kurt
78.1%
Jodie Foster
78%
Avengers: Age of Ultron
77.8%
Brigitta
77.8%
Liesl
77.7%
Toto
77.3%
Marta
77.3%
Louisa
77.3%
Bruce Lee
77.1%
% Correct
The Rescuers
77.1%
Jackie Chan
77%
Ben Affleck
76.7%
Tin Woodman
76.7%
Katharine Hepburn
76.7%
Mamma Mia!
76.5%
Rear Window
76.3%
Dances with Wolves
76%
The Silence of the Lambs
75.5%
Peter Venkman
75.3%
Michael Keaton
75.3%
Vertigo
75.2%
Jet Li
75.2%
Francis Ford Coppola
75%
Dial M for Murder
74.9%
Adam West
74%
Jane Fonda
73.9%
The Iron Lady
73.8%
Barbra Streisand
73.8%
George Clooney
73.6%
Oliver & Company
73.2%
Schindler's List
73.1%
Peter Jackson
72.9%
American Beauty
72.7%
Val Kilmer
72.7%
Sophie's Choice
72.7%
Julie & Julia
72.5%
North by Northwest
72.2%
The English Patient
72.2%
Shakespeare in Love
72.1%
The Black Cauldron
72%
Egon Spengler
72%
Drama
71.9%
Bette Davis
71.8%
% Correct
George Lazenby
71.6%
Friedrich
71.4%
Sally Field
71.1%
The Force Awakens
70.7%
Robin Hood
70.7%
Musical or Comedy
70.6%
Ray Stantz
70.5%
Braveheart
70.3%
Clint Eastwood
70.2%
Forrest Gump
69.9%
Jurassic World
69.7%
Kramer vs. Kramer
69%
Frank Capra
63.7%
Pizza Planet Truck
62.7%
Allison Reynolds
62.6%
Winston Zeddemore
62%
Claire Standish
60.7%
Titanic
60.5%
Alejandro G. Iñárritu
60.4%
A113
59.1%
The Deer Hunter
59.1%
Mel Gibson
58.9%
Furious 7
58.5%
Andy Clark
58.4%
John Bender
58.4%
Kathryn Bigelow
57.7%
Brian Johnson
57.3%
David Niven
55.1%
Spirited Away
52.1%
The Manchurian Candidate
50.6%
Unforgiven
47%
Minions
43.5%

You're not logged in!

Compare scores with friends on all Sporcle quizzes.
OR
Log In

Sporcle TV

Today on Sporcle TV


Watch our educational content, quiz creation guides, and fun videos on Sporcle TV.

Show Comments

Extras

Top Quizzes Today


Score Distribution

Your Account Isn't Verified!

In order to create a playlist on Sporcle, you need to verify the email address you used during registration. Go to your Sporcle Settings to finish the process.

Report this User

Report this user for behavior that violates our Community Guidelines.

Details: